000 01050nam0a22002651 4500
001 v19\rc\1989762
005 20260407005154.0
035 _a(NLR Aleph) 005085818
090 _a7244830
_c7244830
100 _a20080811d1915 u y0rusy50 ca
101 0 _arus
102 _aRU
105 _ak z |||||
200 1 _aНаставление для производства обеззараживания и правила извещений о холерных заболеваниях
_fСан. отд-ние Смол. губ. зем. управы
210 _aСмоленск
_d1915
215 _a64 с., 1 л. бланк.
_d18
517 0 _aПравила извещений о холерных заболеваниях
710 0 2 _aСмоленская губ. земская управа
_bСанитарное отделение
_3RU\NLR\AUTH\889996146
_9489312
801 0 _aRU
_bNLR
_gpsbo
801 0 _aRU
_bRuMoRGB
_2psbo
801 1 _aRU
_bProSoft-M
_2rusmarc
852 _aNLR
_bЗем
_j38/42
899 _aБАН
942 _cBOOK
980 _aNB